000 00847nam a2200217 a 4500
001 000036739
005 20200930075916.0
008 120127s1987 mx a 000 0 spa d
040 _aDO-SdBNP
_bspa
_cBNPHU
245 0 0 _aUrgencias en enfermería /
_cdirectora editorial Diana Odell Potter ; directora clínica Minnie Bowen Rose ; traducción J. Rafael Blengio Pinto, Gustavo A. Silva.
260 _aMéxico :
_bInteramericana,
_c1987.
300 _axxix, 871 p. :
_bil. ;
_c24 cm.
490 0 _aManuales médicos Interamericana
650 2 4 _aEnfermería
_92342
650 2 4 _aUrgencias
_963052
700 1 _aPotter, Diana Odell,
_edir.
_963053
700 1 _aRose, Minnie Bowen,
_edir.
_963054
700 1 _aBlengio Pinto, J. Rafael,
_etrad.
_963055
700 1 _aSilva, Gustavo A.,
_etrad.
_963056
830 0 _aManuales médicos Interamericana
_963057
999 _c36230
_d36230